| 000 | 00618nam a22001457a 4500 | ||
|---|---|---|---|
| 020 | _a81-208-0425-2 | ||
| 082 |
_a200 _bDAV/B |
||
| 100 | _aDAVIS, RHYS T W | ||
| 245 | _aBUDDHIST INDIA | ||
| 260 |
_aDELHI _bMOTILAL BANARASIDASS _c1997 |
||
| 300 | _a332 | ||
| 520 | _aThis book describes ancient India from the perspectives of Brahmins and Rajputs. It provides information about ancient times when Buddhism was in a powerful state. The chapters bring forth the knowledge of rulers, their clans, the villages, the social grades, the language and literature, and the religion. | ||
| 650 |
_aRELIGIOUS _zINDIA |
||
| 942 | _cBK | ||
| 999 |
_c5080 _d5080 |
||